LDR 00715naa#a2200205#i#450# 001 EN\\bibl\120500 005 20260602110736.2 011 ## _a2413-046X 100 ## _a20260527b2026####ek#y0engy0150####ca 102 ## _aRU 200 1# _aTHE METHODOLOGY OF INTEGRAL ASSESSMENT OF FINANCIAL STABILITY OF ENTERPRISES BASED ON A COMBINATION OF A MULTI-CRITERIA APPROACH AND BINARY MODELS _eJournal article 210 1# _aMoscow _cElectronic science _d2026 215 ## _a11 с. 608 ## _aJournal article _2local 675 ## _aЭконометрия. 330.43 _z 700 #1 _aParaskevopulo _gOlga Rigasovna 700 #1 _aKozlova _gOlga Yurievna 700 #1 _aRadygin _gViktor Yur'evich 700 #1 _aManaenkova _gTatyana Andreevna 856 4# _aqje.su _u